|
|
|
|
| LEADER |
01362nam a2200361Ia 4500 |
| 001 |
EBC622403 |
| 003 |
MiAaPQ |
| 005 |
20200520144314.0 |
| 006 |
m o d | |
| 007 |
cr cn||||||||| |
| 008 |
000802s2000 ne sb 001 0 eng d |
| 010 |
|
|
|z 00062132
|
| 020 |
|
|
|z 1556199953 (v. 5)
|
| 020 |
|
|
|z 9027233020 (Eur.)
|
| 035 |
|
|
|a (MiAaPQ)EBC622403
|
| 035 |
|
|
|a (Au-PeEL)EBL622403
|
| 035 |
|
|
|a (CaPaEBR)ebr5000201
|
| 035 |
|
|
|a (CaONFJC)MIL225515
|
| 035 |
|
|
|a (OCoLC)705531058
|
| 040 |
|
|
|a MiAaPQ
|c MiAaPQ
|d MiAaPQ
|
| 050 |
|
4 |
|a HD31
|b .C456 2000
|
| 100 |
1 |
|
|a Chan, Andrew.
|
| 245 |
1 |
0 |
|a Critically constituting organization
|h [electronic resource] /
|c Andrew Chan ; with a foreword by Steward R. Clegg.
|
| 260 |
|
|
|a Amsderdam ;
|a Philadelphia :
|b John Benjamins Pub. Co.,
|c c2000.
|
| 300 |
|
|
|a xv, 149 p.
|
| 490 |
1 |
|
|a Advances in organization studies ;
|v 5
|
| 504 |
|
|
|a Includes bibliographical references (p. [131]-144) and index.
|
| 533 |
|
|
|a Electronic reproduction. Ann Arbor, MI : ProQuest, 2015. Available via World Wide Web. Access may be limited to ProQuest affiliated libraries.
|
| 650 |
|
0 |
|a Organization.
|
| 655 |
|
4 |
|a Electronic books.
|
| 710 |
2 |
|
|a ProQuest (Firm)
|
| 830 |
|
0 |
|a Advances in organization studies ;
|v 5.
|
| 856 |
4 |
0 |
|u https://ebookcentral.proquest.com/lib/matrademy/detail.action?docID=622403
|z Click to View
|